Statistiques concernant Trouver la marque

Cliquez ici pour prendre le quiz!

Statistiques générales

  • Ce quiz a été pris 36 fois
  • Le résultat moyen est 7 sur 15

Statistiques - réponses

NomMarque% Correct
La FerrariFerrari
100%
VulcanAston martin
83%
Skyline GT-R R34Nissan
77%
GallardoLamborghini
73%
205 turbo 16Peugeot
73%
765LTMcLaren
57%
Charger R/TDodge
53%
Zonda RPagani
50%
8CAlfa roméo
27%
Type 35 CBugatti
17%
One:1Koenigsegg
17%
P50Peel
17%
MT900SMosler
7%
LycanhypersportW motor
7%
Regalia type DQuartz
0%

Distribution des résultats

Percentile par nombre de réponses

% des personnes avec chaque résultat

Votre développement - résultats

Vous n’avez pas pris ce quiz